<?xml version="1.0" encoding="UTF-8"?>
<record
    xmlns:xsi="http://www.w3.org/2001/XMLSchema-instance"
    xsi:schemaLocation="http://www.loc.gov/MARC21/slim http://www.loc.gov/standards/marcxml/schema/MARC21slim.xsd"
    xmlns="http://www.loc.gov/MARC21/slim">

  <leader>02138nam a22002537a 4500</leader>
  <datafield tag="999" ind1=" " ind2=" ">
    <subfield code="c">7941</subfield>
    <subfield code="d">7941</subfield>
  </datafield>
  <controlfield tag="003">AR-CdUCM</controlfield>
  <controlfield tag="008">190321b           ||||| |||| 00| 0 spa d</controlfield>
  <datafield tag="040" ind1=" " ind2=" ">
    <subfield code="a">MUNICIPALIDAD PROVINCIAL DEL CUSCO</subfield>
    <subfield code="c">BIBLIOTECA MUNICIPAL DEL CUSCO</subfield>
  </datafield>
  <datafield tag="082" ind1=" " ind2=" ">
    <subfield code="a">985.008 /</subfield>
    <subfield code="b">C73</subfield>
  </datafield>
  <datafield tag="100" ind1=" " ind2=" ">
    <subfield code="a">Comisi&#xF3;n nacional del Sesquicentenario de la Independencia del Per&#xFA;</subfield>
  </datafield>
  <datafield tag="245" ind1=" " ind2=" ">
    <subfield code="a">La Marina 1780-1822 /</subfield>
  </datafield>
  <datafield tag="260" ind1=" " ind2=" ">
    <subfield code="a">Lima :</subfield>
    <subfield code="b">Comisi&#xF3;n nacional del Sesquicentenario de la Independencia del Per&#xFA;,</subfield>
    <subfield code="c">1971.</subfield>
  </datafield>
  <datafield tag="300" ind1=" " ind2=" ">
    <subfield code="a">4 vol&#xFA;menes ;</subfield>
    <subfield code="c">24 cm.</subfield>
  </datafield>
  <datafield tag="440" ind1=" " ind2=" ">
    <subfield code="a">Colecci&#xF3;n documental de la independencia del Per&#xFA;.</subfield>
    <subfield code="9">21856</subfield>
  </datafield>
  <datafield tag="505" ind1=" " ind2=" ">
    <subfield code="a">Contenido: V.1 Miembros del gobierno revolucionario de la fuerza armada - Comisi&#xF3;n nacional del sesquicentenario de la independencia del Per&#xFA; - 1753-1771 construcci&#xF3;n naval, Cartograf&#xED;a mar&#xED;tima - Cartograf&#xED;a general. Gu&#xED;a para la investigaci&#xF3;n general, 1791-1794 - Antiguo mercurio peruano - Comercio. Expedici&#xF3;n malaspina. Biblioteca del museo naval de Madrid -- V.2 Diversos datos enviados de los buques patriotas del gobierno de Buenos Aires - Comentarios sobre la expedicion de Comodoro Brown - Movimientos de naves en el Callao - Combate cerca de las islas Chincha - Rebeli&#xF3;n en el corsario "Chacabuco" - Ataque sufrido en el Callao el 28 de febrero de 1819 - Proclama del general San Mart&#xED;n a los lime&#xF1;os y a los habitantes de todo el Per&#xFA; -- V.3 Documentos in&#xE9;ditos de Trujillo y Lambayeque - Medidas militares para la defensa de los puertos Malabrigo - Gobierno e intendencia de Trujillo a&#xF1;o 1818 - El desembarco de Cochrane en Santa y sus efectos en Trujillo -- V.4 De Lardizabal al Virrey del Per&#xFA;, Madrid, 3 setiembre 1814 - De san Mart&#xED;n a Bowles, Santiago de Chile, 22 de febrero de 1817 - De Redhead a W. Bowles. Salta, 16 de mayo 1817.</subfield>
  </datafield>
  <datafield tag="650" ind1=" " ind2=" ">
    <subfield code="a">Per&#xFA; colecciones</subfield>
    <subfield code="9">21842</subfield>
  </datafield>
  <datafield tag="650" ind1=" " ind2=" ">
    <subfield code="a">Marina peruana</subfield>
    <subfield code="9">22440</subfield>
  </datafield>
  <datafield tag="650" ind1=" " ind2=" ">
    <subfield code="a">Independencia </subfield>
    <subfield code="9">625</subfield>
  </datafield>
  <datafield tag="650" ind1=" " ind2=" ">
    <subfield code="a">Construcci&#xF3;n naval</subfield>
    <subfield code="9">22441</subfield>
  </datafield>
  <datafield tag="700" ind1=" " ind2=" ">
    <subfield code="a">Cap. de Navio AP. Elias, J. Julio (edici&#xF3;n, pr&#xF3;logo y compilaci&#xF3;n)</subfield>
    <subfield code="9">22442</subfield>
  </datafield>
  <datafield tag="700" ind1=" " ind2=" ">
    <subfield code="a">Denegri Luna, Felix (edici&#xF3;n, pr&#xF3;logo)</subfield>
    <subfield code="9">22443</subfield>
  </datafield>
  <datafield tag="942" ind1=" " ind2=" ">
    <subfield code="2">ddc</subfield>
    <subfield code="c">LIBROS</subfield>
  </datafield>
  <datafield tag="945" ind1=" " ind2=" ">
    <subfield code="a">davv</subfield>
  </datafield>
  <datafield tag="952" ind1=" " ind2=" ">
    <subfield code="0">0</subfield>
    <subfield code="2">ddc</subfield>
    <subfield code="4">0</subfield>
    <subfield code="7">0</subfield>
    <subfield code="a">SH</subfield>
    <subfield code="b">SH</subfield>
    <subfield code="c">REF</subfield>
    <subfield code="d">2019-03-21</subfield>
    <subfield code="g">150.00</subfield>
    <subfield code="o">985.008 / C73 / t.7 / v.1</subfield>
    <subfield code="p">SH0000008715</subfield>
    <subfield code="r">2019-03-21</subfield>
    <subfield code="y">LIBROS</subfield>
  </datafield>
  <datafield tag="952" ind1=" " ind2=" ">
    <subfield code="0">0</subfield>
    <subfield code="2">ddc</subfield>
    <subfield code="4">0</subfield>
    <subfield code="7">0</subfield>
    <subfield code="a">SH</subfield>
    <subfield code="b">SH</subfield>
    <subfield code="c">REF</subfield>
    <subfield code="d">2019-03-21</subfield>
    <subfield code="g">150.00</subfield>
    <subfield code="o">985.008 / C73 / t.7 / v.2</subfield>
    <subfield code="p">SH0000008716</subfield>
    <subfield code="r">2019-03-21</subfield>
    <subfield code="y">LIBROS</subfield>
  </datafield>
  <datafield tag="952" ind1=" " ind2=" ">
    <subfield code="0">0</subfield>
    <subfield code="2">ddc</subfield>
    <subfield code="4">0</subfield>
    <subfield code="7">0</subfield>
    <subfield code="a">SH</subfield>
    <subfield code="b">SH</subfield>
    <subfield code="c">REF</subfield>
    <subfield code="d">2019-03-21</subfield>
    <subfield code="g">150.00</subfield>
    <subfield code="o">985.008 / C73 / t.7 / v.3</subfield>
    <subfield code="p">SH0000008717</subfield>
    <subfield code="r">2019-03-21</subfield>
    <subfield code="y">LIBROS</subfield>
  </datafield>
  <datafield tag="952" ind1=" " ind2=" ">
    <subfield code="0">0</subfield>
    <subfield code="2">ddc</subfield>
    <subfield code="4">0</subfield>
    <subfield code="7">0</subfield>
    <subfield code="a">SH</subfield>
    <subfield code="b">SH</subfield>
    <subfield code="c">REF</subfield>
    <subfield code="d">2019-03-21</subfield>
    <subfield code="g">150.00</subfield>
    <subfield code="o">985.008 / C73 / t.7 / v.4</subfield>
    <subfield code="p">SH0000008718</subfield>
    <subfield code="r">2019-03-21</subfield>
    <subfield code="y">LIBROS</subfield>
  </datafield>
  <datafield tag="952" ind1=" " ind2=" ">
    <subfield code="0">0</subfield>
    <subfield code="2">ddc</subfield>
    <subfield code="4">0</subfield>
    <subfield code="7">0</subfield>
    <subfield code="a">SH</subfield>
    <subfield code="b">SH</subfield>
    <subfield code="c">REF</subfield>
    <subfield code="d">2019-03-22</subfield>
    <subfield code="g">150.00</subfield>
    <subfield code="o">985.008 / C73 / t.7 / v.4 / e.2</subfield>
    <subfield code="p">SH0000008719</subfield>
    <subfield code="r">2019-03-22</subfield>
    <subfield code="t">e.2</subfield>
    <subfield code="y">LIBROS</subfield>
  </datafield>
  <datafield tag="952" ind1=" " ind2=" ">
    <subfield code="0">0</subfield>
    <subfield code="2">ddc</subfield>
    <subfield code="4">0</subfield>
    <subfield code="7">0</subfield>
    <subfield code="a">SH</subfield>
    <subfield code="b">SH</subfield>
    <subfield code="c">REF</subfield>
    <subfield code="d">2019-03-22</subfield>
    <subfield code="g">150.00</subfield>
    <subfield code="o">985.008 / C73 / t.7 / v.4 / e.3</subfield>
    <subfield code="p">SH0000008720</subfield>
    <subfield code="r">2019-03-22</subfield>
    <subfield code="t">e.3</subfield>
    <subfield code="y">LIBROS</subfield>
  </datafield>
  <datafield tag="952" ind1=" " ind2=" ">
    <subfield code="0">0</subfield>
    <subfield code="2">ddc</subfield>
    <subfield code="4">0</subfield>
    <subfield code="7">0</subfield>
    <subfield code="a">SH</subfield>
    <subfield code="b">SH</subfield>
    <subfield code="c">REF</subfield>
    <subfield code="d">2019-03-22</subfield>
    <subfield code="g">150.00</subfield>
    <subfield code="o">985.008 / C73 / t.7 / v.3 / e.2</subfield>
    <subfield code="p">SH0000008721</subfield>
    <subfield code="r">2019-03-22</subfield>
    <subfield code="t">e.2</subfield>
    <subfield code="y">LIBROS</subfield>
  </datafield>
  <datafield tag="952" ind1=" " ind2=" ">
    <subfield code="0">0</subfield>
    <subfield code="2">ddc</subfield>
    <subfield code="4">0</subfield>
    <subfield code="7">0</subfield>
    <subfield code="a">SH</subfield>
    <subfield code="b">SH</subfield>
    <subfield code="c">REF</subfield>
    <subfield code="d">2019-03-22</subfield>
    <subfield code="g">150.00</subfield>
    <subfield code="o">985.008 / C73 / t.7 / v.3 / e.3</subfield>
    <subfield code="p">SH0000008722</subfield>
    <subfield code="r">2019-03-22</subfield>
    <subfield code="t">e.3</subfield>
    <subfield code="y">LIBROS</subfield>
  </datafield>
  <datafield tag="952" ind1=" " ind2=" ">
    <subfield code="0">0</subfield>
    <subfield code="2">ddc</subfield>
    <subfield code="4">0</subfield>
    <subfield code="7">0</subfield>
    <subfield code="a">SH</subfield>
    <subfield code="b">SH</subfield>
    <subfield code="c">REF</subfield>
    <subfield code="d">2019-03-22</subfield>
    <subfield code="g">150.00</subfield>
    <subfield code="o">985.008 / C73 / t.7 / v.2 / e.2</subfield>
    <subfield code="p">SH0000008723</subfield>
    <subfield code="r">2019-03-22</subfield>
    <subfield code="t">e.2</subfield>
    <subfield code="y">LIBROS</subfield>
  </datafield>
  <datafield tag="952" ind1=" " ind2=" ">
    <subfield code="0">0</subfield>
    <subfield code="2">ddc</subfield>
    <subfield code="4">0</subfield>
    <subfield code="7">0</subfield>
    <subfield code="a">SH</subfield>
    <subfield code="b">SH</subfield>
    <subfield code="c">REF</subfield>
    <subfield code="d">2019-03-22</subfield>
    <subfield code="g">150.00</subfield>
    <subfield code="o">985.008/C73/t.7/v.1/e.2</subfield>
    <subfield code="p">SH0000008724</subfield>
    <subfield code="r">2019-03-22</subfield>
    <subfield code="y">LIBROS</subfield>
  </datafield>
</record>
